| 000 -LEADER |
| fixed length control field |
01030cam a22002538i 4500 |
| 001 - CONTROL NUMBER |
| control field |
20378382 |
| 005 - DATE AND TIME OF LATEST TRANSACTION |
| control field |
20221105200651.0 |
| 008 - FIXED-LENGTH DATA ELEMENTS--GENERAL INFORMATION |
| fixed length control field |
180212s2019 pau b 001 0 eng |
| 020 ## - INTERNATIONAL STANDARD BOOK NUMBER |
| International Standard Book Number |
9780323608268 1 |
| 041 ## - LANGUAGE CODE |
| Language code of text/sound track or separate title |
eng |
| 080 ## - UNIVERSAL DECIMAL CLASSIFICATION NUMBER |
| Universal Decimal Classification number |
616.31 P-36 |
| 245 10 - TITLE STATEMENT |
| Title |
Pediatric dentistry : |
| Remainder of title |
infancy through adolescence / |
| Statement of responsibility, etc. |
Arthur J. Nowak ; John R. Christensen, Tad R. Mabry, Janice A. Townsend, Martha Wells, Laura Pardi Duprey. |
| 250 ## - EDITION STATEMENT |
| Edition statement |
Sixth edition. |
| 264 #1 - PRODUCTION, PUBLICATION, DISTRIBUTION, MANUFACTURE, AND COPYRIGHT NOTICE |
| Place of production, publication, distribution, manufacture |
Philadelphia: |
| Name of producer, publisher, distributor, manufacturer |
Elsevier, |
| Date of production, publication, distribution, manufacture, or copyright notice |
2019. |
| 300 ## - PHYSICAL DESCRIPTION |
| Extent |
656 p.: |
| Dimensions |
ill. ; |
| Other physical details |
23 cm. |
| 653 ## - INDEX TERM--UNCONTROLLED |
| keyword |
ბავშვთა სტომატოლოგია |
| 653 ## - INDEX TERM--UNCONTROLLED |
| keyword |
მედიცინა |
| 700 1# - ADDED ENTRY--PERSONAL NAME |
| Personal name |
Nowak, Arthur J., |
| Dates associated with a name |
|
| Relator term |
რედაქტორი |
| 9 (RLIN) |
8489 |
| 700 1# - ADDED ENTRY--PERSONAL NAME |
| Personal name |
Christensen, John R. |
| Titles and other words associated with a name |
|
| Relator term |
რედაქტორი |
| 9 (RLIN) |
8490 |
| 700 1# - ADDED ENTRY--PERSONAL NAME |
| Personal name |
Mabry, Tad R., |
| Relator term |
რედაქტორი |
| 9 (RLIN) |
8491 |
| 700 1# - ADDED ENTRY--PERSONAL NAME |
| Personal name |
Townsend, Janice A., |
| Relator term |
რედაქტორი |
| 9 (RLIN) |
8492 |
| 700 1# - ADDED ENTRY--PERSONAL NAME |
| Personal name |
Wells, Martha |
| Fuller form of name |
|
| Relator term |
რედაქტორი |
| 9 (RLIN) |
8493 |
| 942 ## - ADDED ENTRY ELEMENTS (KOHA) |
| Source of classification or shelving scheme |
|
| Koha item type |
წიგნი |